Statistics for Name That City

Click here to take the quiz!

General Stats

  • This quiz has been taken 29 times
  • The average score is 4 of 15

Answer Stats

Answer% Correct
Tokyo
82%
Havana
59%
Hong Kong
59%
Cape Town
45%
Hanoi
18%
Riyadh
18%
Milan
14%
Cairo
9%
Dublin
9%
La Paz
9%
Oslo
9%
Ottawa
9%
Wellington
9%
Glasgow
5%
Lima
5%

Score Distribution

Percentile by Number Answered

Percent of People with Each Score

Your Score History

You have not taken this quiz